000 00351nam a2200133 i 4500
001 bg
245 0 _aBadania geologiczne struktur glacitektonicznych :
_bII Sympozjum Naukowe Glacitektoniki.
260 _aZielona Góra,
_c1977.
040 _cBPK
041 _apol
080 _a551(061.3)
942 _cKS
008 s pl f |000 0 pol
999 _c17445
_d17445
856 _uhttp://koha.tu.koszalin.pl/cgi-bin/koha/opac-detail.pl?biblionumber=17445
_yKatalog online BPK